Key to the species of Clibadium (<Compositae, Heliantheae>) with notes on synonymy and morphological variation (Registro nro. 14022)

Detalles MARC
000 -CABECERA
Campo de control 004210000a22001090004500
090 ## - CLASIFICACIÓN LOCAL
Colección AS
Consecutivo Seriadas
041 0# - IDIOMA
Código de idioma para texto/pista de sonido o título separado
100 1# - ASIENTO PRINCIPAL--NOMBRE PERSONAL
Nombre personal Arriagada M., Jorge
245 10 - MENCION DE TITULO
Título Key to the species of Clibadium (<Compositae, Heliantheae>) with notes on synonymy and morphological variation
773 1# - Item fuente:
Título Revista de la Academia Colombiana de Ciencias Exactas, Fisicas y Naturales
Especificación de materiales 32
Descripción física 74
Paginas del Articulo 453-462
Lugar, editorial y fecha de publicación 1995
Información sobre la relación 19
942 ## - ELEMENTOS ADICIONALES (KOHA)
Tipo de ítem Artículo

No hay ítems disponibles.